000
00310nam a2200121Ia 4500
008
180222s9999||||xx |||||||||||||| ||und||
020
_c
NT
_3
20
_a
978-986-213-710-9
100
_a
李芳齡
245
0
_c
李芳齡
_a
TED TALKS 說話的力量
250
_a
初版
260
_c
2016.07
_a
台北市
300
_c
cm.
_a
p.
942
_2
ccl
_c
BOOK
999
_c
6049
_d
6049